000
00329nam a2200133Ia 4500
008
240624s9999 xx 000 0 und d
041
_a
eng
082
_a
332.64 WIL
100
_a
WILLMOTT
245
_a
BEST OF WILMOTT 1 INCORPORATING THE QUAN
260
_c
2005
_a
England
_b
John Wiley
300
_a
vii,446. ; 25cm.
365
_c
999
_c
20686
_d
20686